[Event "London Agency"]
[Site "London"]
[Date "1998.06.19"]
[Round "5"]
[White "Waitzkin, Joshua"]
[Black "McNab, Colin Anderson"]
[Result "0-1"]
[WhiteElo "2465"]
[BlackElo "2500"]
[Annotator "Yudasin,L"]
[PlyCount "72"]
[EventDate "1998.06.15"]
[EventType "tourn"]
[EventRounds "9"]
[EventCountry "ENG"]
[EventCategory "9"]
[SourceTitle "CBM 066"]
[Source "ChessBase"]
[SourceDate "1998.09.30"]
[SourceVersion "1"]
[SourceVersionDate "1998.09.30"]
[SourceQuality "1"]

1. e4 g6 2. d4 d6 3. Nc3 Nf6 4. Be3 c6 (4... Ng4 5. Bg5 f6 6. Bh4 e5 7. Nf3) 5.
Qd2 Nbd7 (5... Ng4 6. Bg5 f6 7. Bh4 Bh6 8. f4) (5... b5 6. f3) 6. Nf3 (6. f3 e5
(6... Bg7 7. O-O-O e5 8. g4 O-O 9. h4 b5 10. h5 $40) 7. Nge2 Bg7 (7... b5 $1)
8. g4 b5 9. d5 cxd5 10. Nxb5 Nb6 11. g5) 6... Qc7 (6... b5 7. e5 b4 (7... Ng4
8. exd6 exd6 9. Bg5 Be7 10. h3) 8. exf6 bxc3 9. Qxc3 Nxf6 10. Qxc6+ Bd7 11. Qa6
Rb8 $44) (6... Bg7 7. Bh6 O-O 8. Bxg7 Kxg7 9. e5) (6... e5) 7. Bd3 (7. h3) 7...
e5 8. O-O (8. h3) (8. O-O-O) 8... Bg7 9. dxe5 $6 (9. h3 exd4 10. Nxd4 O-O 11.
Bh6 Bxh6 12. Qxh6 Qb6 13. Nb3 Nc5 14. Qf4 Ne8 $14) 9... Nxe5 (9... dxe5 10. a4
a5 $10) 10. Nxe5 (10. Be2 Nfg4 11. Bf4 Nxf3+ 12. Bxf3 Ne5 13. Be2 O-O 14. Rad1
Rd8 15. Bg3 f5 $10) 10... dxe5 11. a4 (11. Bc5 b6 12. Ba3 Be6 13. h3 h6 14.
Rad1 Bf8 $10) 11... Be6 (11... a5 12. Bc5 Be6 13. Rad1 h6 $13) 12. a5 O-O 13.
Na4 Nd7 $14 14. b4 $6 (14. Nc5 $1 Nxc5 15. Bxc5 Rfe8 16. Qe3 Qb8 $14 {/\Bf8})
14... b5 (14... b6 15. Qc3 Rab8) 15. Nc5 (15. axb6 axb6 16. f3 Ra7 17. Nc3 Rfa8
$10) 15... Nxc5 16. Bxc5 Rfd8 17. Ra3 (17. Qe3 Bf8 18. Rfd1 Bxc5 19. Qxc5 Rd7
$10) 17... Rd7 18. Be3 $6 (18. f3 Rad8 19. Qf2 Bf8 20. Bxf8 Rxf8 21. Qc5 Qd6
$10) 18... Bf8 19. Qc3 Rc8 (19... a6 20. Bb6 Qb7) 20. Bc5 (20. f4 exf4 21. Bxf4
Bd6 22. e5 Be7 23. a6 $15) (20. Raa1 c5 21. Bxb5 cxb4) 20... Bh6 (20... Bxc5
21. Qxc5 Qd6 22. Rc3 a6 $10) 21. Raa1 Rcd8 22. Rfd1 $2 (22. f3 $10) (22. h3)
22... Bc4 23. Kf1 Bf8 (23... Bxd3+ 24. Rxd3 Rxd3 25. cxd3 Bf8 26. Bxf8 Kxf8 27.
Rc1 Qd6 28. Ke2 $10) 24. Bxf8 Kxf8 25. Ke1 Rd4 26. Bxc4 (26. f3 c5) 26... Rxc4
27. Rxd8+ Qxd8 28. Qxe5 f6 (28... Qd4 29. Qxd4 Rxd4 30. c3 Rxe4+ 31. Kd2 $10)
29. Qf4 $5 (29. Qe6 Qe7 $15) 29... Qe7 (29... Qd4 30. Qb8+ Kg7 31. Rd1 Qxe4+
32. Kf1 Rxc2 33. Qxa7+ Kh6 34. Qe3+ Qxe3 35. fxe3 c5 36. bxc5 Rxc5 37. Ra1 b4
38. a6 Rc8 39. Ke2 b3 $10) 30. f3 Rxc2 (30... Rxb4 31. Rd1) (30... Qxb4+ 31.
Kf1 Qe7 32. Rd1 $132) 31. Kf1 $1 Qe5 $1 32. Qh6+ $1 Ke8 (32... Kg8 33. Rd1) 33.
Rd1 (33. Rc1 Qd4 (33... Rxc1+ 34. Qxc1 $10) 34. Rxc2 Qd1+ 35. Kf2 Qxc2+ 36. Kg3
$16) 33... Qg5 (33... Qb2 34. Qxh7 Rf2+ 35. Kg1 Rxg2+ 36. Kh1) 34. Qh3 $1 (34.
Qxg5 fxg5 35. e5 Rc4 36. Rd6 Ke7 $15) 34... f5 35. exf5 $4 (35. Re1 Qd2 $2 (
35... f4 36. Qe6+ (36. Qc8+ Kf7 37. Qd7+ Qe7 38. Qxe7+ Kxe7 39. Re2 Rc4 40. Rb2
a6 41. Ke2 c5 $15) 36... Kf8 37. Qc8+ Kf7 38. Qd7+ Qe7 39. Qg4 $15) 36. exf5+
Kd8 37. Qh4+ g5 38. Qg3 $14) 35... Qe3 36. Re1 (36. Qg3 Qe2+) 36... Rf2+ {
Yudasin} 0-1

[Event "EU-chT (Men) 11th"]
[Site "Pula"]
[Date "1997.05.??"]
[Round "7.1"]
[White "Guseinov, Aidyn"]
[Black "Beliavsky, Alexander G"]
[Result "0-1"]
[WhiteElo "2430"]
[BlackElo "2665"]
[Annotator "Yudasin,L"]
[PlyCount "120"]
[EventDate "1997.05.05"]
[EventType "team-swiss"]
[EventRounds "9"]
[EventCountry "CRO"]
[SourceTitle "CBM 057 Extra"]
[Source "ChessBase"]
[SourceDate "1997.05.01"]
[SourceVersion "1"]
[SourceVersionDate "1997.05.01"]
[SourceQuality "1"]
[WhiteTeam "Azerbaijan"]
[BlackTeam "Slovenia"]
[WhiteTeamCountry "AZE"]
[BlackTeamCountry "SLO"]

1. e4 d6 2. d4 Nf6 3. Nc3 g6 4. g3 Na6 5. Bg2 c5 $146 (5... Bg7 6. Nge2 c5 7.
O-O O-O 8. e5 Ne8 9. exd6 Nxd6 10. dxc5 Nxc5 11. Be3 Ne6 12. Qc1 Nf5 $13 {
Godena,M-Hodgson,J,Ishia,1996}) 6. dxc5 {[%cal Gg1e2,Ge2f4,Gf4d5]} Nxc5 7. Nge2
Bd7 8. Nf4 Bg7 9. O-O O-O 10. Nfd5 Nxd5 11. exd5 $6 (11. Nxd5 $11) 11... Rc8
12. Ne2 Qb6 13. Rb1 Qa6 14. Bg5 $1 h6 15. Be3 $1 (15. Bxe7 $4 Rfe8 $19 {
[%csl Re2,Re7]}) 15... Qxa2 16. Re1 {[%cal Gg2f1]} Na4 $2 (16... Qc4 17. Qd2 (
17. Bf1 a5) 17... a5 $15) 17. c3 $1 Nb6 18. b3 $1 $44 Bg4 19. Ra1 Qb2 $8 20. f3
Bf5 21. Rxa7 Nd7 22. g4 $2 (22. Rxb7 $1 Nc5 23. Bxc5 Rxc5 24. Rxe7 $16) 22...
Bc2 23. Qc1 Qxc1 24. Rxc1 Bxb3 $1 $15 25. Rxb7 Ne5 $1 26. Rxe7 Nd3 27. Rb1 Bxd5
28. Rd1 Bc4 29. Bd4 Ne5 30. Ng3 Rb8 31. Ne4 $4 (31. Rc7 d5 32. Re7 $15) 31...
Be2 32. Rd2 Nxf3+ 33. Bxf3 Bxf3 34. h3 Bxd4+ 35. Rxd4 Bxe4 36. Rdxe4 Rb3 $17
37. Re3 Rc8 38. Re8+ Rxe8 39. Rxe8+ Kg7 40. Re3 Kf6 41. Kf2 Rb5 {[%cal Gh6h5]}
42. c4 Re5 43. Rd3 Ke6 44. Kf3 h5 45. Kf4 $6 g5+ 46. Kf3 h4 $19 47. Rd1 Rc5 48.
Re1+ Kd7 49. Re4 Re5 50. Rd4 Kc6 51. Rd3 Kc5 52. Rd1 f6 53. Rd2 Re6 54. Rc2 Kd4
55. Rc1 Re3+ 56. Kg2 Rg3+ 57. Kh2 Rc3 58. Rd1+ Rd3 59. Rc1 Rf3 60. Rd1+ Kc5 0-1

[Event "RUS-Cup06"]
[Site "Nizhnij Novgorod"]
[Date "1998.06.30"]
[Round "2"]
[White "Turov, Maxim"]
[Black "Lastin, Alexander"]
[Result "1-0"]
[WhiteElo "2445"]
[BlackElo "2535"]
[Annotator "Yudasin,L"]
[PlyCount "33"]
[EventDate "1998.06.29"]
[EventType "swiss"]
[EventRounds "9"]
[EventCountry "RUS"]
[SourceTitle "EXT 2000"]
[Source "ChessBase"]
[SourceDate "1999.11.16"]
[SourceVersion "1"]
[SourceVersionDate "1999.11.16"]
[SourceQuality "1"]

1. e4 g6 2. d4 Bg7 3. Nf3 d6 4. Nc3 Nf6 5. h3 O-O 6. Be3 c6 (6... a6) (6... b6)
7. Qd2 b5 8. Bd3 Nbd7 9. O-O (9. e5 b4 10. exf6 (10. Ne4 Nxe4 (10... dxe5 11.
dxe5 Nxe4 12. Bxe4 Nxe5 13. Qxd8 (13. Nxe5 Bxe5 14. Bxc6 Bxb2 15. Rd1 Qxd2+ (
15... Qc7) 16. Kxd2 Rd8+) 13... Rxd8 14. Nxe5 Bxe5 15. Bxc6 Bxb2 16. Rb1 Bc3+
17. Kf1 Ba6+) 11. Bxe4 d5 12. Bd3 Rb8 $132 {/\c5}) 10... bxc3 11. Qxc3 Nxf6 12.
Qxc6 Bd7 $44) 9... e5 10. dxe5 dxe5 $10 11. Ne2 Bb7 (11... a5 $5 $132) 12. Nc1
c5 (12... a5 13. Nb3 a4 14. Nc5 Nxc5 15. Bxc5 Re8 $14) 13. Bxb5 Bxe4 14. Ng5
Bb7 (14... Bd5 15. c4 Bb7 16. Rd1 $16) 15. Nb3 (15. Rd1 Qc7 16. Bxd7 Rad8)
15... h6 16. Rfd1 $1 hxg5 17. Bxd7 $16 {17...Nd7 18.Qd7 Qd7 19.Rd7c5,g5,17...
Ne4 18.Qa5 c4 19.Qd8 Rfd8 20.Na5c4,g5, /\Nc6+/-,17...Qc7 18.Bb5/\Qa5,Nc5,Bg5+/
- Yudasin} 1-0

[Event "RUS-chT 05th"]
[Site "Maikop"]
[Date "1998.06.07"]
[Round "5"]
[White "Fedorov, Alexei"]
[Black "Khalifman, Alexander"]
[Result "1-0"]
[WhiteElo "2595"]
[BlackElo "2660"]
[Annotator "Yudasin,L"]
[PlyCount "67"]
[EventDate "1998.06.03"]
[EventType "team-tourn"]
[EventRounds "11"]
[EventCountry "RUS"]
[SourceTitle "CBM 066"]
[Source "ChessBase"]
[SourceDate "1998.09.30"]
[SourceVersion "1"]
[SourceVersionDate "1998.09.30"]
[SourceQuality "1"]
[WhiteTeam "Maykop Universitet"]
[BlackTeam "Sankt Petersburg"]
[WhiteTeamCountry "RUS"]
[BlackTeamCountry "RUS"]

1. e4 d6 2. d4 Nf6 3. Bd3 e5 4. c3 d5 5. dxe5 (5. exd5 Qxd5 6. dxe5 Qxe5+ 7.
Ne2 Bd6 8. Bf4 Qe7 9. Bb5+ Bd7 10. Bxd6 Qxd6 11. Qxd6 cxd6 12. Bxd7+ Kxd7 $10)
5... Nxe4 6. Nf3 Nc6 7. Nbd2 (7. O-O Bg4) 7... Nc5 (7... Nxd2 8. Bxd2 Bg4 9.
O-O Be7 10. Re1 O-O 11. h3 Bh5 12. Bf4 $14) 8. Bb1 $5 (8. Bc2) 8... Bg4 9. b4
Ne6 10. Qa4 Bh5 11. O-O Be7 $2 (11... a6 {/\Be7}) 12. b5 Nb8 13. Nd4 Nd7 $2 (
13... Bg6 14. f4 Bxb1 15. Rxb1 Nd7 $14) 14. f4 Bc5 15. Bb2 (15. N2b3 Nb6 16.
Qa5 Nc4 17. Qa4 Nb6 $10) 15... Nb6 16. Qc2 (16. Qb3 Qh4 (16... Be2 17. Rf2 Bc4
18. Nxc4 (18. Qc2 Bxb5 {-16.Qc2}) 18... dxc4 19. Qd1 Nd5 20. f5 Nxc3) 17. Kh1
Bxd4 18. cxd4 Be2 19. g3 Qg4 20. Rf2 h5 21. h3 Qxh3+ 22. Rh2 Qg4 23. Rh4 Bd1
$13) 16... Be2 17. Rf2 Bxb5 18. f5 $1 $40 (18. Nxb5 Bxf2+ 19. Kxf2 Qh4+ 20. Kg1
Qe1+ 21. Nf1 Nxf4 22. Nd4 c5 (22... Qxe5) 23. Qf5 cxd4 24. Qxf4 dxc3 25. Bd3)
18... Ba4 (18... Nxd4 19. cxd4 Be7 20. a4 Ba6 21. a5 Nc4 22. Nxc4 Bxc4 23. f6
gxf6 24. exf6 $40) 19. Qd3 Ng5 20. Qg3 Qe7 (20... O-O 21. f6) 21. f6 gxf6 22.
exf6 Qe1+ 23. Nf1 Ne4 (23... Ne6 24. Bf5) 24. Bxe4 Qxe4 25. Nd2 (25. Qxc7 $16)
25... Qg6 26. Qxc7 (26. Re1+ Kd8) 26... Rc8 (26... Bxd4 27. Re1+ Kf8 28. cxd4
$18) 27. Re1+ Kf8 28. Qxb7 $18 Qg4 29. N2b3 Bxb3 30. axb3 Qd7 31. Qa6 h5 32.
Ba3 Qd6 33. Rfe2 {/\Qc8} Kg8 34. Re8+ {34...Kh7 35.Qd3 Kh6 36.Bc1 Yudasin} 1-0

[Event "Serbian-ch 29th"]
[Site "Sabac"]
[Date "1998.04.23"]
[Round "4"]
[White "Markovic, Miroslav"]
[Black "Popchev, Milko"]
[Result "1-0"]
[WhiteElo "2540"]
[BlackElo "2455"]
[Annotator "Yudasin,L"]
[PlyCount "73"]
[EventDate "1998.04.20"]
[EventType "tourn"]
[EventRounds "13"]
[EventCountry "YUG"]
[EventCategory "9"]
[SourceTitle "CBM 065"]
[Source "ChessBase"]
[SourceDate "1998.08.06"]
[SourceVersion "1"]
[SourceVersionDate "1998.08.06"]
[SourceQuality "1"]

1. e4 d6 2. d4 Nf6 3. Nc3 g6 4. Be3 c6 5. Qd2 b5 6. f3 (6. Bd3) 6... Nbd7 7. g4
Nb6 (7... h6 8. h4 Bg7 9. Nge2 Nb6 10. Ng3 Qc7 11. b3 $36) 8. h4 (8. a4 Nc4 9.
Bxc4 bxc4 10. Qe2 d5 11. e5 Nd7 $13) (8. Bh6 Bxh6 9. Qxh6 e5 10. Nge2 Qe7 $10)
8... h5 9. g5 Nfd7 10. d5 $1 (10. a4 Nc4) (10. f4 Bg7 11. f5 O-O 12. Bd3 Nc4
$13) 10... c5 (10... cxd5 11. Nxd5 a6 (11... Bg7 12. Nxb6 Nxb6 13. Bxb5+ Bd7
14. Bd4 O-O 15. Bxg7 Kxg7 16. Bxd7 Qxd7 17. O-O-O Rfc8 18. b3 Kg8 19. Ne2 a5
20. a4 $16) (11... Nxd5 12. Qxd5 Rb8 13. Bxa7 Rb7 14. Bd4) 12. Bxb6 Nxb6 13.
Qc3 Nxd5 14. Qxh8 Ne3 15. Bd3 $16) 11. Bxb5 $16 a6 12. Be2 Ne5 13. b3 Bg7 14.
Nh3 a5 (14... Qc7 15. Nf2 c4 16. Bd4) 15. Nf2 (15. a4 c4 16. Nf2 Ba6 $132)
15... Ba6 (15... a4 16. O-O) 16. f4 Bxe2 17. Kxe2 Ned7 (17... Ng4 18. Nxg4 hxg4
19. Rag1 (19. Kf2 Qd7 20. Kg3 f5 21. exf5 (21. gxf6 Bxf6 22. Rae1 a4 23. Bf2
Bg7 24. Nd1 axb3 25. axb3 Ra2 26. Ne3) 21... Qxf5 22. Rad1 O-O $132) 19... Qd7
20. a4 f5 21. gxf6 Bxf6 22. Bf2 $16) 18. a4 O-O (18... c4 19. Bd4) 19. Rae1 Nb8
$6 (19... c4 20. Bd4 (20. Nb5 Qc8 $132) 20... Bxd4 21. Qxd4 cxb3 22. cxb3 Nc5
23. Rb1 e6 $132) 20. Nb5 Na6 (20... c4 21. Bd4 Bxd4 22. Qxd4 Ra6 23. Rh3) 21.
c4 $1 Nc7 22. Nc3 Qd7 23. Rh3 Rfb8 24. Rf3 Nc8 25. Qc2 $40 {/\f5,Nd3} e6 26.
dxe6 fxe6 (26... Nxe6 27. f5 Nd4+ 28. Bxd4 Bxd4 29. Nb5 Be5 30. Nd3 Bg7 31. f6
Bf8 32. Nf4 $18) 27. e5 $1 Ne7 28. Rd1 Nf5 29. Bxc5 $18 d5 30. cxd5 exd5 31.
Nxd5 Nxd5 32. Qc4 Nxh4 (32... Rd8 33. Rfd3 Qe8 34. Rxd5 Rxd5 35. Rxd5 Kh8 36.
Ne4) 33. Rxd5 Qf7 34. Re3 Kh7 35. e6 Qe8 36. Rd7 Rd8 37. Re7 {Yudasin} 1-0

[Event "RUS-chT 05th"]
[Site "Maikop"]
[Date "1998.06.07"]
[Round "5"]
[White "Kupreichik, Viktor D"]
[Black "Dmitriev, Igor"]
[Result "1-0"]
[WhiteElo "2505"]
[BlackElo "2405"]
[Annotator "Yudasin,L"]
[PlyCount "105"]
[EventDate "1998.06.03"]
[EventType "team-tourn"]
[EventRounds "11"]
[EventCountry "RUS"]
[SourceTitle "CBM 066"]
[Source "ChessBase"]
[SourceDate "1998.09.30"]
[SourceVersion "1"]
[SourceVersionDate "1998.09.30"]
[SourceQuality "1"]
[WhiteTeam "Tomsk 400"]
[BlackTeam "Saratov GShK"]
[WhiteTeamCountry "RUS"]
[BlackTeamCountry "RUS"]

1. e4 d6 2. d4 a6 3. Be3 Nf6 4. f3 Nbd7 5. a4 (5. c4 c6 6. a4 a5 7. Nc3) 5...
e5 6. Bc4 $6 (6. Nc3 Be7) (6. c4) 6... exd4 (6... d5 $5 7. exd5 (7. dxe5 Nxe5
8. Bxd5 Nxd5 9. Qxd5 Qxd5 10. exd5 Nc4 11. Bd4 Bf5 12. b3 Nd6 13. c4 O-O-O 14.
Ne2 Bc2 15. Nd2 Nf5 16. Bc3 Bc5 $44) (7. Bxd5 Nxd5 8. exd5 Nb6 9. dxe5 Nxd5
$146) 7... Nb6 8. dxe5 $4 (8. Bb3 Nfxd5 (8... exd4 9. Bxd4 Nbxd5 10. Ne2 Bb4+
11. c3 Be7 $10) (8... Nbxd5 9. dxe5 Nxe3 10. Qxd8+ (10. Bxf7+ Kxf7 11. Qxd8
Bb4+) 10... Kxd8 11. exf6 Nxg2+ 12. Kf2 Nf4 $15) 9. Bf2 {/\de,a5}) 8... Nxc4 9.
exf6 Nxe3 10. Qe2 Bc5) 7. Bxd4 Be7 8. Ne2 O-O 9. O-O $14 (9. Nbc3) 9... Ne5 10.
Ba2 $6 (10. Bb3 c5 11. Bxe5 dxe5 12. Nbc3 Be6 13. Bxe6 fxe6 14. Qxd8 Raxd8 15.
Rfd1 c4 $132) 10... Bd7 11. a5 (11. Nbc3 b5 12. axb5 axb5 13. Nd5 c5 14. Bxe5
dxe5 15. Nxf6+ Bxf6 16. Bd5 Rxa1 17. Qxa1 Qb6 $14) 11... Bb5 12. Nbc3 $6 (12.
Re1) 12... c5 $1 (12... Nc4 13. Bxc4 Bxc4 14. b3 Be6 15. Nf4 $14) 13. Bf2 $2 (
13. Bxe5 dxe5 14. Nxb5 axb5 15. Nc3 b4 (15... Rxa5 16. Qxd8 Bxd8 17. b4 cxb4
18. Nd5 $10) 16. Nd5 Nxd5 17. Bxd5 Qc7 $14) 13... Nc6 14. Nd5 $8 Nxd5 15. Bxd5
Nxa5 16. Re1 Bf6 (16... Bxe2 17. Qxe2 Nc6 18. Bxc6 bxc6 19. Rxa6 $10) 17. c3
Be5 (17... Bc4 18. b3 (18. Nf4 Bxd5 19. Nxd5 Nc6 20. b4 $146) 18... Bxe2 19.
Rxe2 Bxc3 20. Rc1 Bf6 $17) (17... Nc6 $4 18. c4) 18. g3 Qc7 (18... Bc4 $17) 19.
f4 Bf6 20. g4 g6 (20... Bc4 21. g5 Be7 22. Ng3 $44) 21. g5 Bg7 22. Ng3 Nc4 23.
f5 $1 Be5 (23... Nxb2 24. Qc2 (24. Qg4 Bxc3 25. f6 Nd3 (25... Bxe1 26. Rxe1 Nd3
27. Qh4 h5 28. Nxh5 Nxe1 29. Bxe1 $18) 26. Qh4 Kh8 27. Qh6 Rg8 28. Re3 (28. Ra3
$5) 28... Bxa1 (28... Bd4 $17) 29. Ne2 Nxf2 30. Kxf2 Bd4 31. Nxd4 cxd4 32.
Qxh7+ Kxh7 33. Rh3#) 24... Nd3 25. f6 Nxe1 26. Rxe1 Bh8 $17) 24. Qg4 Nb6 (24...
Nxb2 25. Nh5 (25. h4 Nd3 26. h5 $13) 25... gxh5 26. Qxh5 Kh8 27. Re3 Rg8 {/\Rg5
} 28. Kh1 Rg7 29. f6 Rg6 30. Rh3 h6 31. Qxh6+ (31. Rg1 Nd3 32. Be3 Nf4) 31...
Rxh6 32. Rxh6+ Kg8 33. g6 Bxf6) 25. f6 $1 {/\Qh4-h5-Nh5} Rfc8 26. Nf5 $1 (26.
Qh4 Qd8) 26... Nxd5 (26... gxf5 27. Qh5 Nxd5 28. Qh6 (28. exd5 Qd8 29. Re3 Qf8
(29... Bxf6 30. gxf6 Qxf6 31. Bh4 Qg6+ 32. Rg3) 30. Rh3 h6 31. Qf3 $1 {/\Rh6,
Qh5}) 28... Nxf6 29. gxf6 Bxf6 30. Kh1 Bg7 31. Rg1 f6 32. Rxg7+ Qxg7 33. Rg1
Rc7 34. Rxg7+ Rxg7 $17) 27. Nh6+ Kh8 (27... Kf8 28. exd5 {/\Qh4,Ng4}) 28. exd5
Rf8 29. Qh4 Bd7 30. Re4 {/\N~~,Qh6-Rg8,Qh7} Rae8 31. Rae1 (31. Ng8 h5 (31...
Bxh2+ 32. Kxh2 Rxe4 33. Qh6 (33. Qxe4 Kxg8 34. Re1 $13) 33... Rxg8 34. Rh1 Bg4)
32. Ne7 $13) 31... Qc8 (31... b5 32. Bg3 Bxg3 $4 (32... Qb7 33. Bxe5 dxe5 34.
Rxe5 Rxe5 35. Rxe5 Qc7 36. Re7) (32... c4 33. Bxe5 dxe5 (33... Rxe5 34. Rxe5
dxe5 35. Qe4 Qc5+ 36. Re3 $16) 34. Nf5 h5 (34... gxf5 35. Qh6 Rg8 36. Rh4 Rxg5+
37. Kf1 $18) 35. Ne7 $16) 33. Nxf7+ Kg8 34. Qh6) 32. Bg3 Bxg3 33. hxg3 $1 {
/\N~~-h5-g4} Rxe4 34. Rxe4 c4 $1 35. Rxc4 Qd8 36. b4 $13 a5 $1 37. bxa5 $2 (37.
Nf5 Bxf5 $4 (37... h5 38. g4 Qb6+ 39. Rd4 Bxf5 40. gxh5 $2 (40. gxf5 axb4 (
40... a4 $5) 41. fxg6 fxg6 42. cxb4 $16) 40... Kg8) 38. Qh6 Qb6+ 39. Kg2) 37...
Qxa5 38. Qe4 Re8 $5 (38... Qa1+ 39. Kf2 Re8 (39... Qa2+ 40. Ke3 Re8 (40... Qa1
$10) 41. Qxe8+ Bxe8 42. Rc8 Qa4 43. Nxf7+ Kg8 44. Nxd6 $18) 40. Qxe8+ Bxe8 41.
Rc8 Qa4 42. Nxf7+ Kg8 43. Nh6+ Kf8 44. f7 Qc2+ $10) 39. Nxf7+ Kg8 40. Nh6+ Kf8
41. Qg2 Re1+ (41... Qa1+ 42. Kh2 Qd1 43. Re4 Qh5+ 44. Kg1 Qd1+ 45. Kh2 $10) 42.
Kh2 Re5 43. Re4 Rxg5 (43... Qxd5 44. Rxe5 Qxg2+ (44... Qxe5 45. Qxb7 Qe2+ 46.
Qg2 Qh5+ 47. Kg1 Qxg5 48. Qa8+ Be8 49. f7 Qxg3+ $10) 45. Kxg2 dxe5 46. Kf3 $16)
44. g4 Re5 (44... Qxd5 45. Re7 {/\Rh7} Rh5+ 46. gxh5 Qxh5+ 47. Kg1 Qd1+ 48. Qf1
) 45. Rxe5 dxe5 46. Qb2 $1 $18 b6 47. Qb4+ Qxb4 48. cxb4 g5 49. Kg3 Be8 50. Kf3
Bg6 51. Ke3 Ke8 52. d6 b5 53. Kf3 {Yudasin} 1-0

[Event "ARG-ch"]
[Site "Buenos Aires"]
[Date "1998.04.26"]
[Round "10"]
[White "Alonso, Salvador"]
[Black "Ginzburg, Maximiliano"]
[Result "0-1"]
[WhiteElo "2390"]
[BlackElo "2470"]
[Annotator "Yudasin,L"]
[PlyCount "86"]
[EventDate "1998.04.15"]
[EventType "tourn"]
[EventRounds "15"]
[EventCountry "ARG"]
[EventCategory "9"]
[SourceTitle "CBM 065"]
[Source "ChessBase"]
[SourceDate "1998.08.06"]
[SourceVersion "1"]
[SourceVersionDate "1998.08.06"]
[SourceQuality "1"]

1. e4 d6 2. d4 Nf6 3. Nc3 g6 4. Be3 c6 5. Qd2 (5. f3 b5 6. g4) 5... b5 6. f3 (
6. Bd3 $5) 6... Nbd7 7. a4 (7. g4 Nb6 8. h4 h5 9. g5 Nfd7 10. f4 Bg7 $13) 7...
b4 8. Nd1 a5 9. Bd3 (9. c3 bxc3 10. Nxc3 (10. bxc3 Bg7 11. Nh3 O-O 12. Bd3 Ba6
13. O-O e5 $13) 10... Bg7 11. Rc1 Ba6 $10) 9... Bg7 10. Ne2 O-O 11. O-O c5 (
11... Ba6 $5) 12. c3 (12. d5 Ne5 13. Bb5 Bd7 14. Bxd7 Nc4 15. Qc1 Nxe3 16. Nxe3
Nxd7 17. Nc4 Nb6 $15) 12... e5 $5 (12... Qc7 13. cxb4 axb4 14. b3 $14 cxd4 15.
Nxd4) 13. d5 (13. dxc5 bxc3 (13... dxc5 14. cxb4 cxb4 15. Rc1 Bb7 $10) 14.
Ndxc3 Nxc5 15. Bxc5 dxc5 16. Rfd1 Qb6 17. Bc4 Bb7 18. Qc2 Rfd8 $13) 13... Nh5
$5 14. Qc2 (14. g4 Nf4 15. Nxf4 exf4 16. Bxf4 Ne5 17. Be2 f5 $146) (14. c4 f5
15. exf5 gxf5 16. Ng3 $13 (16. g4 $5 e4 17. gxh5 exd3 18. Nf4 Ne5 19. Rc1 $13 {
/\Nd1-f2-d3})) 14... Kh8 {/\Nd-f6-g8,f5} 15. c4 $1 Bf6 (15... Ndf6 16. g4) (
15... Nb6 16. g4 Nf4 17. Nxf4 exf4 18. Bxf4 f5 19. exf5 gxf5 20. g5 Be5 21.
Bxe5+ dxe5 22. h4 h6 23. f4 exf4 24. Qh2 $16) 16. Qd2 (16. g4 Nf4 17. Nxf4 exf4
18. Bxf4 Bd4+ 19. Kh1 Ne5 20. Be2 f5 $146) 16... Ra7 17. Nf2 (17. g4 Nf4 (17...
Ng7 18. Ng3 Bh4 $13 {/\Nb6,f5}) 18. Nxf4 exf4 19. Bxf4 Bd4+ 20. Be3 $16) 17...
Nb6 18. b3 $6 (18. g4 Ng7 19. Ng3 Bh4 20. f4 $1 $13) 18... Bg7 19. g4 $5 (19.
Rad1 f5 20. f4 $13) 19... f5 $1 20. Bg5 (20. gxh5 f4 21. Nxf4 (21. Bxc5 dxc5
22. hxg6 Qg5+ 23. Kh1 Qxg6 24. Rg1 Qh5 25. Ng4 Qh3 26. Raf1 h5) 21... exf4 22.
Bxf4 Bxa1 23. Rxa1 Qf6) (20. exf5 $5 gxf5 21. gxh5 f4 22. Ne4 fxe3 23. Qxe3 Bh3
24. Rf2 $13) 20... Bf6 21. Bh6 Ng7 22. exf5 $1 (22. g5 Be7 23. h4 Rf7 24. Ng3
Bf8 $36 {/\f4,Nh5,Qf8,h6}) 22... gxf5 23. Ng3 e4 $5 24. fxe4 (24. Be2 $2 Bc3
25. Qc1 exf3 26. Bxf3 fxg4 27. Bxg4 Rxf2) 24... fxg4 $13 (24... Bxa1 25. Rxa1
fxg4 26. e5 dxe5 27. Nfe4 $146) 25. Rad1 Bc3 26. Qc1 Raf7 (26... Bd4 27. Kg2
Qh4 28. Nxg4) 27. Be2 $1 Nd7 $1 (27... Bd4 28. Rxd4 cxd4 29. Qd2 Qf6 30. Bg5
Qg6 31. Bd3 $36) 28. Nxg4 (28. Bxg7+ Bxg7 29. Bxg4 (29. Nf5 Ne5 30. Nxg4 Bxf5
$17) 29... Qh4 30. Nf5 Rxf5 {/\Be5}) 28... Ne5 29. Nxe5 Bxe5 $146 30. Rxf7 (30.
Qg5 Bf6 31. Qe3 Qe7 $146) 30... Rxf7 31. Rf1 Rxf1+ 32. Qxf1 Kg8 33. Qf3 (33.
Bf4 Bd4+ 34. Kg2 Qh4) 33... Qh4 34. Be3 h5 $1 {/\Bg4,Be2,Bgg33} 35. Bf2 (35.
Nxh5 Qxh2+ (35... Bxh2+ 36. Kg2 Nxh5 37. Qxh5 Qg3+ 38. Kh1 Qxe3 39. Kxh2 Qf4+
40. Kg1 Qe3+ 41. Kh2 $10) 36. Kf1 Bc3 37. Nf6+ Kh8 38. Ng4 $13) 35... Bg4 $2 (
35... Qg5 36. Be3 Qh4 (36... Qg6 37. Qg2) 37. Bf2 $10) 36. Qg2 Bh3 $2 37. Qf3
$2 (37. Nxh5 Qxh5 $2 (37... Bxg2 38. Bxh4 Bxe4 39. Nxg7 Kxg7 40. Bd1 $16 Bd4+)
38. Qxg7+ Kxg7 39. Bxh5) 37... Qg5 38. Bf1 $4 (38. Be3 Qg6 (38... Bd4 39. Kf2
h4 40. Nf1 $13) 39. Kh1 Bg4 40. Qg2 Bxg3 41. Bxg4 Qxg4 42. hxg3 Qd1+ 43. Kh2
Qxb3 44. Bf4 $13) 38... Bg4 39. Qg2 (39. Qd3 h4) 39... Bd1 $19 40. h4 Qg4 41.
Bd3 Bxb3 42. Be2 Qg6 43. Qf3 Bxa4 {Yudasin} 0-1

[Event "London"]
[Site "London"]
[Date "1997.10.20"]
[Round "4"]
[White "Rowson, Jonathan"]
[Black "Dunnington, Angus J"]
[Result "1-0"]
[WhiteElo "2490"]
[BlackElo "2420"]
[Annotator "Yudasin,L"]
[PlyCount "73"]
[EventDate "1997.10.18"]
[EventType "tourn"]
[EventRounds "9"]
[EventCountry "ENG"]
[EventCategory "10"]
[SourceTitle "CBM 062"]
[Source "ChessBase"]
[SourceDate "1998.01.31"]
[SourceVersion "1"]
[SourceVersionDate "1998.01.31"]
[SourceQuality "1"]

1. e4 d6 2. d4 Nf6 3. f3 e5 4. Ne2 (4. Nc3 Nbd7 5. Nge2 Be7 6. g4 O-O 7. Be3
Ne8 8. Qd2 c6 9. Ng3 g6 10. O-O-O b5 11. Kb1 a5 12. h4 Ng7 13. h5 Re8 14. hxg6
fxg6 15. Qh2 Nf8 16. dxe5 Qc7 17. Nf5 gxf5 18. exd6 Bxd6 19. Rxd6 fxg4 20. Bxb5
cxb5 21. Nd5 Qb8 22. Nf6+ Kf7 23. Nxe8 Kxe8 24. Qe5+ Nge6 25. Rxh7 Nxh7 26.
Rxe6+ Bxe6 27. Qxe6+ Kd8 28. Bb6+ {1-0 Horvath,C-Siebrecht,S/Elekes mem 1994/
EXP 41}) (4. Be3 exd4 5. Qxd4 Nc6 6. Bb5 Be7 7. Nc3 O-O 8. Bxc6 bxc6 9. Nge2
Re8 10. O-O-O Nd7 11. Qa4 Bb7 12. Qa5 c5 13. Kb1 Qb8 14. Bc1 Nb6 15. b3 Bc6 16.
Nf4 Qb7 17. Ncd5 Bxd5 18. Nxd5 Nxd5 {Suba,M-Ribeiro,F/Anibal op4th 1997/CBM 58/
[Har Zvi]/1-0 (40)}) 4... Be7 5. c4 c5 (5... O-O 6. Nbc3 Nbd7 7. Be3 c6 8. Ng3
Ne8 9. Qd2 g6 10. d5 Ng7 11. Be2 f5 12. exf5 gxf5 13. f4 c5 14. O-O e4 15. Nh1
Nf6 16. Nf2 Rf7 17. h3 Nge8 18. Kh2 Rg7 19. Rg1 Bf8 20. g3 Qe7 21. Rg2 h5 {
- Karolyi,T-Pribyl,J/Tallinn 1985/MCL 06}) (5... O-O 6. Nbc3 c6 7. Be3 a6 8.
dxe5 dxe5 9. Qxd8 Rxd8 10. c5 $16) 6. d5 Nh5 7. Nbc3 O-O 8. g4 Bh4+ 9. Kd2 Nf6
(9... Bg5+ 10. Kc2 Bxc1 11. Rxc1 Nf4 12. Nxf4 exf4 13. h4 Nd7 14. Qd2 Qf6 15.
Ne2 Ne5 16. g5 Qe7) 10. Ng3 Na6 11. Kc2 Nc7 12. Bd3 a6 13. a4 Rb8 14. Be3 g6 (
14... Bd7 15. Qe2 Qe8 $4 16. g5) 15. Bh6 Re8 16. Qd2 (16. Qe2 $5) (16. Bd2 {
/\Qe2,Ng3.f1.e3.}) 16... Kh8 17. Be3 (17. Rhb1 $5) 17... Bd7 18. Qe2 b6 (18...
Ng8 19. Rhb1 a5 20. Nb5 Bc8 {/\Na6}) 19. Rhb1 Qe7 20. Bd2 Rb7 $5 (20... a5 $5)
21. Nf1 Reb8 22. Ne3 Nfe8 (22... b5 23. axb5 axb5 24. Ng2 Nfe8 25. Nxh4 Qxh4
$13 26. cxb5 $6 Nxb5 27. Nxb5 Bxb5 28. Bxb5 $15) 23. b3 b5 24. axb5 axb5 25.
cxb5 Nxb5 26. Nxb5 Bxb5 27. Bxb5 Rxb5 28. Nc4 $16 Nc7 29. Bc3 Bf6 30. Ra7 R5b7
31. Rxb7 Rxb7 32. Na5 Nb5 $2 (32... Rb6 33. Nc6 Qe8 34. f4 Nb5 35. g5 Bg7 36.
f5 f6) 33. Nxb7 Na3+ 34. Kb2 Nxb1 35. Qa6 Nxc3 36. Kxc3 Bh4 $2 (36... Kg7 37.
Nxd6 Bh4 38. Nc4 Qg5 $132) 37. Qxd6 {37...38Nc5} 1-0